=LDR 00000nam 2200000 4500 =001 000749 =005 20250711094350 =035 ##$$a 0010-0725000617 =007 ta =008 250711################a##########0#ind## =020 ##$$a 978-623-307-386-8 =082 ##$$a 398.209 598 =084 ##$$a 398.209 598 QUY p =100 #$$a Quynh, Durong Ngoc Tu =245 1#$$a Pelukis yang istimewa /$c Durong Ngoc Tu Quynh =250 ##$$a Cetakan pertama =260 ##$$a Jakarta :$b Badan pengembangan dan pembinaan bahasa,$c 2022 =300 ##$$a 20 hlm. : $b Ilus. ; $c 29,7 cm =650 #4$$a Cerita anak indonesia-terjemahan =650 #4$$a Literasi-bahan bacaan